00589npc a2200181Ia 4500001002200000003001000022008004100032040002500073041000700098100001400105240004200119245012800161250001100289260003100300300001100331500005200342650001300394dd6-1291 [d000001253]IT-MiCISF161014s9999||||xx | und|| aIT-MiCISFcIT-MiCISF afr aYanfen Qi aLes familles dans la culture chinoise 0aLes familles dans la culture chinoisebConférence internationale "Familles et cultures", Paris, UNESCO, 4-5 decembre 1987 a1a ed. a ParigibUIOF-UNESCOc1987 app. 18 a / famiglia, cultura, ruoli-familiari, donna /  afamiglia